|
|
|
|
| LEADER |
00000nab a2200000 a 4500 |
| 001 |
vtls009307237 |
| 003 |
SK-MaSNL |
| 005 |
20260304152527.0 |
| 008 |
250506c2007 xo fr|p|||||||000 b|slo |
| 015 |
|
|
|a SNBRB2008/06
|2 snkbucl
|
| 035 |
|
|
|a (sysno)vtls009307237
|
| 035 |
|
|
|a urn:nbn:sk:snk-ab79j8
|
| 035 |
|
|
|a (uuid)c588101c-00e8-405e-9997-1ab10ec7f19a
|
| 035 |
|
|
|a (urnnbn)urn:nbn:sk:snk:ar-a07bcl
|
| 038 |
|
|
|a SNKBUCL
|
| 040 |
|
|
|a SNKBUCL
|b slo
|c SNKBUCL
|e AACR2
|
| 041 |
0 |
|
|a slo
|b eng
|b slo
|
| 044 |
|
|
|a xo
|c SK
|
| 080 |
|
|
|a 657.4:658.91
|2 2001
|
| 080 |
|
|
|a 658.91
|2 2001
|
| 080 |
|
|
|a 658.843
|2 2001
|
| 080 |
|
|
|a 339.187.6
|2 2001
|
| 080 |
|
|
|a 347.453
|2 2001
|
| 100 |
1 |
|
|a Vašeková, Miroslava,
|d 1978-
|4 aut
|9 26026
|
| 245 |
1 |
0 |
|a Vplyv finančného prenájmu na peňažné toky v účtovníctve nájomcu
|c Miroslava Vašeková
|
| 300 |
|
|
|b Tab.
|
| 504 |
|
|
|a Bibliogr. odkazy
|
| 546 |
|
|
|a Res. angl., slov.
|
| 650 |
0 |
7 |
|a lízing
|2 snkbucl
|9 857
|
| 650 |
0 |
7 |
|a finančné toky
|2 snkbucl
|9 29437
|
| 650 |
0 |
7 |
|a účtovníctvo
|2 snkbucl
|9 649
|
| 773 |
0 |
|
|t Ekonomika a informatika
|g Roč. V., č. 2 (2007), s. 181-193
|x 1336-3514
|
| 850 |
|
|
|a Slovenská národná knižnica
|
| 852 |
|
|
|a Slovenská národná knižnica
|
| 954 |
|
|
|a odborná, vedecká literatúra pôvodná (slovenská)
|2 lita
|
| 958 |
|
|
|a article27
|
| 958 |
|
|
|a NB
|
| 958 |
|
|
|a OND
|
| 958 |
|
|
|a EUIPO
|
| 999 |
|
|
|c 2949549
|d 2951479
|